000 00287nam a22001337a 4500
008 170915b xxu||||| |||| 00| 0 eng d
020 _a9783487135021
041 _aeng
080 _a7
100 _a44
101 _aART
245 _aMEDIEN UND THWTRE
_cOIKULIK.L
942 _2udc
_cBK
999 _c27798
_d27798